Loading...
| History - European | 0 | 7 | 1 | 0 | 65 | 49 | 59.29 | 0 | 3 | 30.58 | 45.00 |
| History - World | 0 | 6 | 0 | 2 | 60 | 30 | 66.50 | 2 | 3 | 23.15 | 35.97 |
| Fine Arts - Classical Music | 0 | 4 | 0 | 0 | 40 | 38 | 52.25 | 2 | 4 | 21.28 | 37.64 |
| Geography | 0 | 4 | 0 | 1 | 40 | 14 | 55.50 | 2 | 3 | 41.88 | 55.83 |
| Fine Arts - Other | 0 | 4 | 1 | 0 | 35 | 55 | 72.00 | 0 | 3 | 14.10 | 31.94 |
| Religion | 0 | 4 | 1 | 2 | 35 | 22 | 79.75 | 1 | 1 | 11.08 | 14.44 |
| History - Other | 0 | 3 | 1 | 1 | 25 | 25 | 69.33 | 1 | 2 | 11.16 | 20.00 |
| Literature - American | 0 | 2 | 0 | 0 | 20 | 92 | 98.50 | 0 | 2 | 3.29 | 16.67 |
| Literature - World | 0 | 2 | 0 | 0 | 20 | 66 | 79.00 | 0 | 1 | 6.19 | 12.22 |
| History - American | 0 | 2 | 0 | 0 | 20 | 47 | 57.00 | 0 | 0 | 8.84 | 8.89 |
| Science - Other | 0 | 2 | 1 | 0 | 15 | 50 | 54.50 | 0 | 2 | 9.68 | 15.56 |
| Painting/Sculpture | 0 | 1 | 0 | 0 | 10 | 85 | 85.00 | 0 | 1 | 2.06 | 8.89 |
| Pop Culture | 0 | 1 | 0 | 0 | 10 | 64 | 64.00 | 0 | 0 | 8.77 | 8.89 |
| Social Science | 0 | 1 | 1 | 1 | 5 | 100 | 100.00 | 0 | 0 | 0.12 | 1.39 |
| Science - Physics | 0 | 1 | 1 | 0 | 5 | 40 | 40.00 | 1 | 1 | 6.08 | 10.00 |
| Current Events | 0 | 1 | 2 | 1 | 0 | 108 | 108.00 | 0 | 0 | 0.18 | 8.89 |